I S M for vichers hardness test for metallic materials part3 less than HV0.2 (Record no. 162135)

MARC details
000 -LEADER
fixed length control field 00362nam a2200121Ia 4500
008 - FIXED-LENGTH DATA ELEMENTS--GENERAL INFORMATION
fixed length control field 231217s9999 xx 000 0 und d
041 ## - LANGUAGE CODE
Language code of text/sound track or separate title English
100 ## - MAIN ENTRY--PERSONAL NAME
Personal name Bureau of indian standard
245 #0 - TITLE STATEMENT
Title I S M for vichers hardness test for metallic materials part3 less than HV0.2
250 ## - EDITION STATEMENT
Edition statement 2nd ed.
260 ## - PUBLICATION, DISTRIBUTION, ETC.
Date of publication, distribution, etc. 1991
Name of publisher, distributor, etc. Bureau of Indian Standard,
942 ## - ADDED ENTRY ELEMENTS (KOHA)
Koha item type Books
Holdings
Date last seen Total checkouts Accession number Cost, total (INR) price Price effective from Category Lost status Damaged status Department Withdrawn status Home library Current library Entry date Vendor Cost, normal purchase price Grants Billnumber Billdate Currency symbol Conversion rate Discount Old discount
26/01/2024   4148 21.25 26/01/2024 Books     Central Library   Central Library Central Library 22/10/1992 BIS 25.00 ME 551 08/12/1993 RS 1 3.75 15

© For any Suggestions or Query, please contact the library staff @ librarian@pes.edu or Phone: +9180 2672 1983/ 2108.